ბათუმის შოთა რუსთაველის სახელმწიფო უნივერსიტეტის ბიბლიოთეკა

Strategic Management for Hospitality and Tourism / (ბიბ.ჩანაწერი № 45727)

000 -LEADER
fixed length control field 01019nam a2200253Ia 4500
001 - CONTROL NUMBER
control field 12554
003 - CONTROL NUMBER IDENTIFIER
control field GE_BSU
005 - DATE AND TIME OF LATEST TRANSACTION
control field 20211130120502.0
008 - FIXED-LENGTH DATA ELEMENTS--GENERAL INFORMATION
fixed length control field 181216s2010||||enk|||||||||||||| ||eng||
020 ## - INTERNATIONAL STANDARD BOOK NUMBER
International Standard Book Number 9780750665223
040 ## - CATALOGING SOURCE
Transcribing agency GE_BSU
041 ## - LANGUAGE CODE
Language code of text/sound track or separate title eng
080 ## - UNIVERSAL DECIMAL CLASSIFICATION NUMBER
Universal Decimal Classification number 005.21+338.48 O-39
100 ## - MAIN ENTRY--PERSONAL NAME
Personal name Okumes, Fevzi
9 (RLIN) 13112
245 ## - TITLE STATEMENT
Title Strategic Management for Hospitality and Tourism /
Statement of responsibility, etc. Fevzi Okumus, Levent Altinay, Prakash Chathoth.
264 ## - PRODUCTION, PUBLICATION, DISTRIBUTION, MANUFACTURE, AND COPYRIGHT NOTICE
Place of production, publication, distribution, manufacture London :
Name of producer, publisher, distributor, manufacturer Routledge,
Date of production, publication, distribution, manufacture, or copyright notice 2010.
300 ## - PHYSICAL DESCRIPTION
Extent 333 p.;
Other physical details 24 cm.
653 ## - INDEX TERM--UNCONTROLLED
keyword Strategic Management for Hospitality and Tourism
653 ## - INDEX TERM--UNCONTROLLED
keyword სტრატეგიული მენეჯმენტი მასპინძლობისა და ტურიზმისათვის
653 ## - INDEX TERM--UNCONTROLLED
keyword Стратегический менеджмент в сфере гостеприимства и туризма
700 ## - ADDED ENTRY--PERSONAL NAME
Personal name Levent , Altinay
Relator term ავტორი
9 (RLIN) 13113
700 ## - ADDED ENTRY--PERSONAL NAME
Personal name Prakash, Chathoth
Relator term ავტორი
9 (RLIN) 13114
942 ## - ADDED ENTRY ELEMENTS (KOHA)
Koha item type წიგნი
Source of classification or shelving scheme
ეგზემპლარები
Withdrawn status Lost status Source of classification or shelving scheme Damaged status Not for loan Permanent Location Current Location Shelving location Date acquired Cost, normal purchase price Full call number Barcode Date last seen Copy number Price effective from Koha item type Public note
          ბათუმის შოთა რუსთაველის სახელმწიფო უნივერსიტეტის მთავარი ბიბლიოთეკა ბათუმის შოთა რუსთაველის სახელმწიფო უნივერსიტეტის მთავარი ბიბლიოთეკა წიგნსაცავი 2018-12-17 72.00 005.21+338.48 O-39 36230 2018-12-17 36230 2018-12-17 წიგნი 72 ლ.